Daniel K. Inouye Int. Airport Destinations (Honolulu, HI, USA) - Statistics

General Stats
  • This quiz has been taken 146 times
    52 since last reset
  • The average score is 42 of 59
Answer Stats
Airline Destination % Correct
American Airlines Dallas/Fort Worth
100%
Hawaiian Airlines/United Airlines San Francisco
100%
Alaska Airlines/American Airlines/Delta Air Lines/Hawaiian Airlines/Southwest Airlines/United Airlines Los Angeles
98%
Hawaiian Airlines/Japan Airlines Osaka (Kansai)
98%
Alaska Airlines/Delta Air Lines/Hawaiian Airlines Seattle/Tacoma
98%
Air Premia/Asiana Airlines/Korean Air Seoul (Incheon)
98%
Hawaiian Airlines/Qantas Sydney
98%
All Nippon Airways/Delta Air Lines/Hawaiian Airlines/Japan Airlines Tokyo (Haneda)
98%
All Nippon Airways/Japan Airlines/Zipair Tokyo Tokyo (Narita)
98%
Alaska Airlines Anchorage
95%
Delta Air Lines Atlanta
95%
Air New Zealand/Hawaiian Airlines Auckland
95%
American Airlines/United Airlines Chicago (O'Hare)
95%
United Airlines Denver
95%
Delta Air Lines/Hawaiian Airlines New York (JFK)
95%
American Airlines/Hawaiian Airlines/Southwest Airlines Phoenix (Sky Harbor)
95%
Hawaiian Airlines/Southwest Airlines San Diego
95%
United Airlines Houston (Intercontinental)
93%
Hawaiian Airlines/Southwest Airlines Las Vegas
93%
Air Canada Toronto (Pearson)
93%
Air Canada/WestJet Vancouver
93%
Qantas Melbourne
90%
Japan Airlines Nagoya (Centrair)
90%
United Airlines Newark
90%
Hawaiian Airlines Portland (OR)
90%
Delta Air Lines/Hawaiian Airlines Salt Lake City
90%
Hawaiian Airlines/Southwest Airlines San Jose (CA)
90%
Delta Air Lines Detroit
88%
Philippine Airlines Manila
88%
WestJet Calgary
85%
Delta Air Lines Minneapolis/St. Paul
85%
United Airlines Washington (Dulles)
85%
Hawaiian Airlines/Southwest Airlines Oakland
78%
Hawaiian Airlines/Southwest Airlines Sacramento
75%
WestJet Edmonton
73%
Hawaiian Airlines/Southwest Airlines Hilo
73%
Fiji Airways Nadi
68%
Alaska Airlines/Southwest Airlines Ontario
68%
Hawaiian Airlines/Southwest Airlines Kahului
65%
Hawaiian Airlines/Southwest Airlines Lihue
63%
Hawaiian Airlines/Southwest Airlines Long Beach
63%
Fiji Airways Apia
60%
United Airlines Guam
60%
Alaska Airlines/Southwest Airlines Burbank
55%
Hawaiian Airlines/Southwest Airlines Kailua-Kona
53%
Mokulele Airlines Molokai
50%
United Airlines Majuro
43%
Hawaiian Airlines Papeete
40%
Mokulele Airlines Lanai
38%
Hawaiian Airlines Pago Pago
38%
United Airlines Chuuk
30%
Alaska Airlines Everett
23%
Mokulele Airlines Kapalua
23%
United Airlines Pohnpei
23%
United Airlines Kosrae
20%
United Airlines Kwajalein
20%
Mokulele Airlines Kalaupapa
18%
Fiji Airways Kiritimati
18%
Hawaiian Airlines Rarotonga
18%
No matching quizzes found
Score Distribution
Percent of People with Each Score
Percentile by Number Answered
Your Score History
You have not taken this quiz since the last reset